01360nam a22003377a 4500003000900000005001700009008003300026020001500059040002200074082002800096100002000124245020700144260004400351300002700395490003500422500004000457534011100497590002600608650001400634650003400648650002500682650001100707700002500718700002600743700002500769700002700794910004000821942001200861952013200873999001701005DO-SdBNP20240125101202.0180205b 1987 sp |||| 00| 0 spa d a8485351991 aBPMSUbspacBPMSU 4a618.92 bW177n 19872221 aWalker, Peter 10aNiños felices :bcómo tener y criar niños sanos desde el embarazo a los tres años /cPeter y Fiona Walker ; traducción Jimmy Clark, Begoña Orive ; ilustraciones Peter Mennim, Binny Mathews.  aBarcelona : bIntegral Ediciones,c1987 a141 p. :bil. ;c25 cm0 aLos libros de integral ; v21  3Incluye bibliografía e índice.  aTítulo original : tNatural parenting. A practical guide for fathers and mothers: conception to age 3.  aInventariado, 2024/VM 4aEmbarazo. 4aNiñosx Cuidado e higiene.  4aNiñosxCrecimiento 4aParto.1 aClark, Jimmy, etr. 1 aOrive, Begoña etr.1 aMennim, Peter, eil.1 aMathews, Binny, eil. aVMateo V. Control de calidad. BPMSU 2ddccBK 00102ddc40708CGaBPMETbBPMETd2018-02-05eFUNDIl0oBPMSU CG 618.92 W177n 1987pBPMSU18020042r2018-02-05w2018-02-05yBK c13255d13255